[Event "Online Olym Div3 C"]
[Site "Chess.com INT"]
[Date "2020.08.09"]
[Round "9.4"]
[White "Chuersakul, Sarocha"]
[Black "Sivarajasingam, Venetia"]
[Result "0-1"]
[WhiteElo "1668"]
[BlackElo "1930"]
[PlyCount "124"]
[EventDate "2020.08.07"]
[EventType "team-tourn (rapid)"]
[EventRounds "9"]
[EventCountry "USA"]
[SourceTitle "CBM 198"]
[Source "ChessBase"]
[SourceDate "2020.10.31"]
[SourceVersion "1"]
[SourceVersionDate "2020.10.31"]
[SourceQuality "1"]
[WhiteTeam "Thailand"]
[BlackTeam "Wales"]
[WhiteTeamCountry "THA"]
[BlackTeamCountry "WLS"]

1. d4 d5 2. c4 e6 3. Nf3 Be7 4. g3 Nf6 5. Bg2 0-0 6. 0-0 Nbd7 7. Qc2 c5 8. Rd1 Qc7 9. Nbd2 b6 10. cxd5 Nxd5 11. Nc4 cxd4 12. Nxd4 Ba6 13. Ne3 Qxc2 14. Ndxc2 Nxe3 15. Bxe3 Rad8 16. Nd4 Bf6 17. Nc6 Bxb2 18. Rab1 Bf6 19. Nxd8 Rxd8 20. Bc6 Ne5 21. Rxd8+ Bxd8 22. Bb5 Bb7 23. Rd1 Bf6 24. Bd4 h6 25. Bxe5 Bxe5 26. Rd8+ Kh7 27. Bd3+ g6 28. Rd7 Bd5 29. Rxf7+ Kg8 30. Rxa7 g5 31. e3 Bd6 32. Kf1 Bc5 33. e4 Bc6 34. f3 e5 35. a4 Be8 36. Ke2 Bd4 37. Bc4+ Kf8 38. Bb3 b5 39. a5 Bxa7 40. h3 Ke7 41. Kd3 Kd6 42. Kc3 Bf2 43. g4 Kc6 44. Bd5+ Kc7 45. Kb4 Kb8 46. a6 Ka7 47. Bb7 Be1+ 48. Kc5 b4 49. Kc4 Bf7+ 50. Bd5 Be8 51. Bb7 Ba4 52. Kd3 b3 53. Bd5 Kxa6 54. Bc4+ Ka5 55. Ke2 Bc3 56. Kd3 Bd4 57. Kd2 b2 58. Ba2 Kb4 59. Kd3 Bb3 60. Bb1 Ka3 61. Kd2 Ba2 62. Bd3 b1Q 0-1

[Event "Online Olym Div3 C"]
[Site "Chess.com INT"]
[Date "2020.08.08"]
[Round "6.1"]
[White "Sivarajasingam, Venetia"]
[Black "Ramarolafy, Grace Gloria"]
[Result "1-0"]
[WhiteElo "1930"]
[BlackElo "1174"]
[PlyCount "63"]
[EventDate "2020.08.07"]
[EventType "team-tourn (rapid)"]
[EventRounds "9"]
[EventCountry "USA"]
[SourceTitle "CBM 198"]
[Source "ChessBase"]
[SourceDate "2020.10.31"]
[SourceVersion "1"]
[SourceVersionDate "2020.10.31"]
[SourceQuality "1"]
[WhiteTeam "Wales"]
[BlackTeam "Madagascar"]
[WhiteTeamCountry "WLS"]
[BlackTeamCountry "MAD"]

1. e4 c6 2. d4 d5 3. Nc3 dxe4 4. Nxe4 Nd7 5. Nf3 Ngf6 6. Ng3 e6 7. Bd3 c5 8. 0-0 Bd6 9. c3 0-0 10. Qc2 Nb6 11. dxc5 Bxc5 12. Ng5 g6 13. N5e4 Be7 14. Qe2 Nbd5 15. Rd1 Qc7 16. c4 Nf4 17. Qf3 e5 18. Nxf6+ Bxf6 19. Ne4 Bg7 20. Bf1 Bf5 21. Nd6 Qc5 22. Nxf5 gxf5 23. g3 Ng6 24. Qxf5 Rad8 25. Be3 Qb6 26. Bxb6 axb6 27. Bg2 Ne7 28. Qf3 Rfe8 29. Rxd8 Rxd8 30. Rd1 Rxd1+ 31. Qxd1 Nf5 32. Bxb7 1-0

[Event "South Wales New Year op"]
[Site "Bridgend"]
[Date "2020.01.04"]
[Round "2"]
[White "Bullen, Alex"]
[Black "Sivarajasingam, Venetia"]
[Result "1-0"]
[WhiteElo "2039"]
[BlackElo "1742"]
[PlyCount "111"]
[EventDate "2020.01.03"]
[EventType "swiss"]
[EventRounds "5"]
[EventCountry "WLS"]
[SourceTitle "EXT 2022"]
[Source "ChessBase"]
[SourceDate "2021.10.06"]
[SourceVersion "1"]
[SourceVersionDate "2021.10.06"]
[SourceQuality "1"]

1. d4 d5 2. Nf3 Nf6 3. c4 e6 4. g3 Be7 5. Bg2 0-0 6. 0-0 Nbd7 7. Qc2 c5 8. cxd5 Nxd5 9. Nc3 Nb4 10. Qb1 Nf6 11. Rd1 cxd4 12. Nxd4 Qc7 13. Ndb5 Qb6 14. Be3 Bc5 15. Rd6 Nc6 16. Bxc5 Qxc5 17. Qd1 a6 18. Na3 Ng4 19. Ne4 Qh5 20. h3 Nge5 21. e3 Qg6 22. Nc5 Rb8 23. Rc1 Ne7 24. Rd8 f6 25. Rxf8+ Kxf8 26. Qd6 Ra8 27. Nxe6+ Bxe6 28. Qxe6 Rd8 29. Rc7 Qf7 30. Qxf7+ Kxf7 31. Bxb7 Rd1+ 32. Kg2 Nd3 33. Bxa6 Nxb2 34. Rc2 Na4 35. Bc4+ Kg6 36. Bb3 Nb6 37. Rc7 Rd7 38. Rxd7 Nxd7 39. Nc4 Nc5 40. Bc2+ Kf7 41. Kf3 Ke6 42. e4 Nc6 43. Ke3 Nb4 44. Bb3 Kd7 45. a3 Nc6 46. Bc2 Ke6 47. f4 g6 48. Nb2 Kd6 49. Nd3 Nb7 50. Ba4 Nba5 51. Bxc6 Kxc6 52. Kd4 Nb3+ 53. Kc3 Na5 54. Nb4+ Kc5 55. a4 Nc4 56. Nd3+ 1-0

[Event "Robinson Cup U14"]
[Site "Dundalk"]
[Date "2019.07.22"]
[Round "2.13"]
[White "Bottazzi, Ulysse"]
[Black "Sivarajasingam, Venetia"]
[Result "1/2-1/2"]
[WhiteElo "2041"]
[BlackElo "1745"]
[PlyCount "67"]
[EventDate "2019.07.22"]
[EventType "team-tourn"]
[EventRounds "5"]
[EventCountry "IRL"]
[SourceTitle "EXT 2022"]
[Source "ChessBase"]
[SourceDate "2021.10.06"]
[SourceVersion "1"]
[SourceVersionDate "2021.10.06"]
[SourceQuality "1"]
[WhiteTeam "France (U14)"]
[BlackTeam "Wales (U14)"]
[WhiteTeamCountry "FRA"]
[BlackTeamCountry "WLS"]

1. e4 e6 2. d4 d5 3. Nc3 dxe4 4. Nxe4 Nd7 5. Bd3 Ngf6 6. Ne2 Nxe4 7. Bxe4 Nf6 8. Bf3 c5 9. 0-0 Qb6 10. Be3 Be7 11. dxc5 Bxc5 12. Bxc5 Qxc5 13. Qd4 Qxd4 14. Nxd4 0-0 15. Rfe1 Bd7 16. b3 Rab8 17. c4 Rfd8 18. Rad1 b6 19. a4 Rbc8 20. Kf1 h6 21. Rd2 Re8 22. Nb5 Bxb5 23. axb5 Red8 24. Red1 Rxd2 25. Rxd2 Kf8 26. Ke2 Ke7 27. Bc6 Rc7 28. h3 Ne8 29. Bxe8 Kxe8 30. f4 Ke7 31. Ke3 f5 32. g4 fxg4 33. hxg4 Kf6 34. Rd6 1/2-1/2

[Event "South Wales op 16th"]
[Site "Cardiff"]
[Date "2019.07.10"]
[Round "6"]
[White "Orton, Paul"]
[Black "Sivarajasingam, Venetia"]
[Result "1/2-1/2"]
[WhiteElo "1584"]
[BlackElo "1745"]
[PlyCount "83"]
[EventDate "2019.07.07"]
[EventType "swiss"]
[EventRounds "9"]
[EventCountry "WLS"]
[SourceTitle "CBM 191 Extra"]
[Source "ChessBase"]
[SourceDate "2019.09.30"]
[SourceVersion "1"]
[SourceVersionDate "2019.09.30"]
[SourceQuality "1"]

1. e4 e6 2. d4 d5 3. Nc3 dxe4 4. Nxe4 Nd7 5. Bd3 Ngf6 6. Qe2 Be7 7. Nf3 0-0 8. Bg5 c5 9. Nxf6+ Nxf6 10. Rd1 Qa5+ 11. c3 cxd4 12. Bd2 b6 13. Bb1 Bb7 14. cxd4 Qd5 15. 0-0 Bd6 16. Ne1 Bc7 17. Bc3 Nh5 18. f3 Nf6 19. Nc2 Qh5 20. g3 a5 21. Ne1 Rfe8 22. Ng2 Nd5 23. Bd2 Nb4 24. Qf2 Ba6 25. Rfe1 Bd6 26. Nf4 Qb5 27. a3 Nd5 28. Nxd5 exd5 29. Be3 Qd7 30. Bd3 Bxd3 31. Rxd3 Rac8 32. Rdd1 Rc4 33. Rc1 Rec8 34. Rxc4 Rxc4 35. Rc1 Qc7 36. Qd2 Be7 37. Bf4 Qc8 38. b3 Rxc1+ 39. Qxc1 Qxc1+ 40. Bxc1 Bf6 41. Be3 Kf8 42. a4 1/2-1/2

[Event "Olympiad Women-43"]
[Site "Batumi"]
[Date "2018.09.27"]
[Round "4.61"]
[White "Sivarajasingam, Venetia"]
[Black "Leung, Hoi Ting"]
[Result "1-0"]
[WhiteElo "1771"]
[BlackElo "1284"]
[PlyCount "97"]
[EventDate "2018.09.24"]
[EventType "team-swiss"]
[EventRounds "11"]
[EventCountry "GEO"]
[SourceTitle "EXT 2020"]
[Source "ChessBase"]
[SourceDate "2019.10.17"]
[SourceVersion "1"]
[SourceVersionDate "2019.10.17"]
[SourceQuality "1"]
[WhiteTeam "Wales (W)"]
[BlackTeam "Hong Kong (W)"]
[WhiteTeamCountry "WLS"]
[BlackTeamCountry "HKG"]

1. e4 c5 2. Nf3 d6 3. Bb5+ Bd7 4. Bxd7+ Nxd7 5. 0-0 e5 6. c3 Ngf6 7. Re1 Be7 8. d4 cxd4 9. cxd4 0-0 10. Nc3 Re8 11. Qb3 exd4 12. Nxd4 Nc5 13. Qd1 Rc8 14. Qf3 Qb6 15. Nf5 Bf8 16. Rb1 Re6 17. Bg5 Ncd7 18. Be3 Qa6 19. Nd4 Ne5 20. Qd1 Ree8 21. Bg5 Ned7 22. f3 g6 23. Qd2 Bg7 24. Ndb5 Rc6 25. Red1 Qb6+ 26. Be3 Qd8 27. Nxd6 Re6 28. Ndb5 Qa8 29. Nd4 Re8 30. Nxc6 bxc6 31. Rbc1 Qb7 32. Qc2 Qa6 33. Qf2 Qb7 34. Bxa7 Ra8 35. Be3 Re8 36. a4 Qb3 37. a5 Ra8 38. Ra1 Qb4 39. a6 Qb3 40. a7 Qb7 41. Na4 Bf8 42. g4 Ne8 43. Qd2 Ne5 44. Qe2 Bd6 45. f4 Nd7 46. e5 Bf8 47. Qd3 Rd8 48. Nb6 Nxb6 49. Qxd8 1-0

[Event "Olympiad Women-43"]
[Site "Batumi"]
[Date "2018.09.25"]
[Round "2.17"]
[White "Avramidou, Anastasia"]
[Black "Sivarajasingam, Venetia"]
[Result "1-0"]
[WhiteElo "2260"]
[BlackElo "1771"]
[PlyCount "65"]
[EventDate "2018.09.24"]
[EventType "team-swiss"]
[EventRounds "11"]
[EventCountry "GEO"]
[SourceTitle "EXT 2020"]
[Source "ChessBase"]
[SourceDate "2019.10.17"]
[SourceVersion "1"]
[SourceVersionDate "2019.10.17"]
[SourceQuality "1"]
[WhiteTeam "Greece (W)"]
[BlackTeam "Wales (W)"]
[WhiteTeamCountry "GRE"]
[BlackTeamCountry "WLS"]

1. d4 e6 2. c4 d5 3. Nc3 Be7 4. cxd5 exd5 5. Bf4 c6 6. e3 Nf6 7. Bd3 Nbd7 8. h3 Nf8 9. Nf3 Ng6 10. Bh2 0-0 11. Qc2 Re8 12. 0-0-0 b5 13. Kb1 b4 14. Na4 Bd7 15. Ne5 Qc8 16. g4 Ne4 17. Nxd7 Qxd7 18. f3 Nd6 19. Nc5 Qd8 20. h4 a5 21. g5 Nc4 22. Bxc4 dxc4 23. h5 Nf8 24. g6 Qd5 25. gxh7+ Nxh7 26. e4 Qd8 27. Qxc4 Ng5 28. h6 g6 29. Be5 Nh7 30. Rdg1 Bf6 31. Rxg6+ Kh8 32. Rxf6 Nxf6 33. Qxf7 1-0

[Event "GBR-ch Major 105th"]
[Site "Hull"]
[Date "2018.08.04"]
[Round "8"]
[White "Akeya Price, Robert A"]
[Black "Sivarajasingam, Venetia"]
[Result "1/2-1/2"]
[WhiteElo "1820"]
[BlackElo "1843"]
[PlyCount "44"]
[EventDate "2018.07.28"]
[EventType "swiss"]
[EventRounds "9"]
[EventCountry "ENG"]
[SourceTitle "CBM 185 Extra"]
[Source "ChessBase"]
[SourceDate "2018.07.29"]
[SourceVersion "1"]
[SourceVersionDate "2018.07.29"]
[SourceQuality "1"]

1. d4 d5 2. c4 e6 3. Nf3 Be7 4. g3 Nf6 5. Bg2 0-0 6. 0-0 dxc4 7. Qc2 a6 8. a4 Bd7 9. Qxc4 Bc6 10. Bg5 Bd5 11. Qc2 h6 12. Bf4 Nc6 13. Nbd2 Bxf3 14. Nxf3 Nd5 15. Bd2 Qd7 16. e4 Nf6 17. Be3 Rfd8 18. Rfd1 Nb4 19. Qb1 Ng4 20. Bd2 Nf6 21. Bxb4 Bxb4 22. Qc2 Qe7 1/2-1/2

[Event "BCF-ch U14"]
[Site "Hull"]
[Date "2018.08.03"]
[Round "6"]
[White "Akeya Price, Robert A"]
[Black "Sivarajasingam, Venetia"]
[Result "1/2-1/2"]
[WhiteElo "1820"]
[BlackElo "1843"]
[PlyCount "79"]
[EventDate "2018.07.29"]
[EventType "swiss"]
[EventRounds "7"]
[EventCountry "ENG"]
[SourceTitle "CBM 186 Extra"]
[Source "ChessBase"]
[SourceDate "2018.08.24"]
[SourceVersion "1"]
[SourceVersionDate "2018.08.24"]
[SourceQuality "1"]

1. d4 e6 2. c4 d5 3. Nf3 Be7 4. g3 Nf6 5. Bg2 0-0 6. 0-0 dxc4 7. Qc2 a6 8. a4 Bd7 9. Qxc4 Bc6 10. Ne5 Bxg2 11. Kxg2 Nbd7 12. Nc3 Nb6 13. Qd3 Nbd5 14. Nxd5 Qxd5+ 15. Nf3 Rfd8 16. Bf4 Rac8 17. Rfd1 c5 18. dxc5 Qxd3 19. Rxd3 Rxd3 20. exd3 Rxc5 21. Rc1 Rxc1 22. Bxc1 Nd5 23. Kf1 Bf6 24. Ke2 Kf8 25. d4 Be7 26. Kd3 Ke8 27. Bd2 f6 28. h4 Kd7 29. b3 Kc6 30. Kc4 Nc7 31. Bf4 b5+ 32. axb5+ Nxb5 33. Nd2 a5 34. Ne4 Na3+ 35. Kd3 Nb5 36. Bd2 Kb6 37. Kc4 Na3+ 38. Kd3 Nb5 39. Nc5 Nc7 40. Ne4 1/2-1/2

[Event "GBR-ch Major 105th"]
[Site "Hull"]
[Date "2018.07.30"]
[Round "3"]
[White "Sivarajasingam, Venetia"]
[Black "Cocks, Elliot"]
[Result "0-1"]
[WhiteElo "1843"]
[BlackElo "1985"]
[PlyCount "68"]
[EventDate "2018.07.28"]
[EventType "swiss"]
[EventRounds "9"]
[EventCountry "ENG"]
[SourceTitle "CBM 185 Extra"]
[Source "ChessBase"]
[SourceDate "2018.07.29"]
[SourceVersion "1"]
[SourceVersionDate "2018.07.29"]
[SourceQuality "1"]

1. e4 c5 2. Nf3 e6 3. c4 Nc6 4. Nc3 g5 5. h3 Bg7 6. d3 h6 7. Be3 Nd4 8. Bxd4 cxd4 9. Nb5 Qb6 10. e5 Ne7 11. Nd6+ Kf8 12. g4 Ng6 13. Qe2 Nxe5 14. Nxe5 Qxd6 15. Nf3 b6 16. Bg2 Bb7 17. 0-0-0 b5 18. cxb5 Bd5 19. Kb1 a6 20. b6 Rb8 21. Ne1 Bxg2 22. Nxg2 Qxb6 23. f4 Ke7 24. Rc1 a5 25. h4 a4 26. a3 Qd6 27. Ka1 Rb3 28. fxg5 Rhb8 29. Rc2 Rxa3+ 30. bxa3 Qxa3+ 31. Ra2 Qc3+ 32. Rb2 a3 33. Qc2 axb2+ 34. Kb1 Qa3 0-1

[Event "GBR-ch Major 105th"]
[Site "Hull"]
[Date "2018.07.29"]
[Round "2"]
[White "Tomy, Jeff"]
[Black "Sivarajasingam, Venetia"]
[Result "0-1"]
[WhiteElo "1683"]
[BlackElo "1843"]
[PlyCount "70"]
[EventDate "2018.07.28"]
[EventType "swiss"]
[EventRounds "9"]
[EventCountry "ENG"]
[SourceTitle "CBM 185 Extra"]
[Source "ChessBase"]
[SourceDate "2018.07.29"]
[SourceVersion "1"]
[SourceVersionDate "2018.07.29"]
[SourceQuality "1"]

1. Nf3 d5 2. g3 Nf6 3. Bg2 e6 4. 0-0 Be7 5. d3 0-0 6. c3 c5 7. Qc2 Nc6 8. Nbd2 b6 9. e4 Qc7 10. Re1 Ba6 11. e5 Nd7 12. d4 cxd4 13. cxd4 Rac8 14. Kh1 Nb4 15. Qxc7 Rxc7 16. Rg1 Rfc8 17. Nb3 Nd3 18. Rf1 Rc2 19. Nfd2 Nxb2 20. Rg1 Nd3 21. Rf1 Bb4 22. a3 Nxc1 23. axb4 Bxf1 24. Bxf1 Nxb3 25. Nxb3 Rxf2 26. Bb5 Nf8 27. Kg1 Rb2 28. Ba4 b5 29. Nc5 bxa4 30. Rxa4 Nd7 31. Rxa7 Nxc5 32. bxc5 Rb4 33. c6 Rxd4 34. Rd7 Rc4 35. c7 R4xc7 0-1

[Event "South Wales op 15th"]
[Site "Cardiff"]
[Date "2018.07.07"]
[Round "2"]
[White "Sivarajasingam, Venetia"]
[Black "Fowler, Caspian"]
[Result "0-1"]
[WhiteElo "1843"]
[BlackElo "1404"]
[PlyCount "70"]
[EventDate "2018.07.07"]
[EventType "swiss"]
[EventRounds "9"]
[EventCountry "WLS"]
[SourceTitle "EXT 2019"]
[Source "ChessBase"]
[SourceDate "2018.10.10"]
[SourceVersion "1"]
[SourceVersionDate "2018.10.10"]
[SourceQuality "1"]

1. e4 e5 2. Nf3 Nc6 3. Bb5 a6 4. Ba4 Nf6 5. 0-0 b5 6. Bb3 Bc5 7. Qe2 d6 8. c3 Ba7 9. a4 Bd7 10. axb5 axb5 11. Na3 Qb8 12. Nc2 Ne7 13. d3 h6 14. Be3 Bxe3 15. Nxe3 0-0 16. Nd2 Ng6 17. Qf3 Nf4 18. Nf5 Re8 19. Kh1 Qc8 20. Rxa8 Qxa8 21. Qg3 Bxf5 22. exf5 N6h5 23. Qg4 Nf6 24. Qg3 Qc8 25. Qf3 Qxf5 26. g3 Qxd3 27. gxf4 Qxd2 28. fxe5 Rxe5 29. Qa8+ Re8 30. Qf3 Qe2 31. Qg2 Qxb2 32. Rg1 g5 33. Bd1 Ne4 34. Rf1 Qxc3 35. f3 Nc5 0-1

[Event "BCF-chT4S 1718 (4NCL)"]
[Site "England"]
[Date "2018.03.24"]
[Round "7.54"]
[White "Sivarajasingam, Venetia"]
[Black "Krawczuk, Michael J"]
[Result "1/2-1/2"]
[WhiteElo "1713"]
[BlackElo "1828"]
[PlyCount "44"]
[EventDate "2017.11.11"]
[EventType "team-swiss"]
[EventRounds "11"]
[EventCountry "ENG"]
[SourceTitle "EXT 2020"]
[Source "ChessBase"]
[SourceDate "2019.10.17"]
[SourceVersion "1"]
[SourceVersionDate "2019.10.17"]
[SourceQuality "1"]
[WhiteTeam "Fischer's Catch"]
[BlackTeam "Wessex II"]
[WhiteTeamCountry "WLS"]
[BlackTeamCountry "ENG"]

1. e4 c5 2. Nf3 d6 3. Bb5+ Nd7 4. d4 Ngf6 5. Nc3 a6 6. Bxd7+ Nxd7 7. 0-0 e6 8. Be3 Be7 9. Qe2 cxd4 10. Nxd4 0-0 11. Rad1 Qc7 12. f4 Nf6 13. f5 b5 14. a3 e5 15. Nb3 Bb7 16. Nd2 d5 17. exd5 Nxd5 18. Nxd5 Bxd5 19. Qg4 f6 20. b4 Rfd8 21. Ne4 Bxe4 22. Qxe4 Rac8 1/2-1/2

[Event "Bridgend South Wales op"]
[Site "Bridgend"]
[Date "2018.01.06"]
[Round "3"]
[White "Bevan, Peter M"]
[Black "Sivarajasingam, Venetia"]
[Result "1-0"]
[WhiteElo "1951"]
[BlackElo "1731"]
[PlyCount "79"]
[EventDate "2018.01.05"]
[EventType "swiss"]
[EventRounds "5"]
[EventCountry "WLS"]
[SourceTitle "CBM 182 Extra"]
[Source "ChessBase"]
[SourceDate "2018.02.23"]
[SourceVersion "1"]
[SourceVersionDate "2018.02.23"]
[SourceQuality "1"]

1. c4 Nf6 2. g3 e6 3. Nf3 d5 4. d4 Be7 5. Bg2 0-0 6. 0-0 c5 7. cxd5 exd5 8. Nc3 c4 9. Ne5 b6 10. Nxc4 Bb7 11. Ne5 Nc6 12. Nxc6 Bxc6 13. Bg5 Qd7 14. e3 Rac8 15. Bxf6 Bxf6 16. Qh5 Rcd8 17. Rac1 g6 18. Qe2 Rfe8 19. Qd3 Bg7 20. b4 h5 21. b5 Bb7 22. h4 Bf6 23. Rc2 Qg4 24. Qd1 Qf5 25. Kh2 Qe6 26. Qf3 Qd6 27. Kg1 Bg7 28. Rfc1 Qd7 29. a4 Bf8 30. Ne2 Bd6 31. Nf4 Bb8 32. Rc6 Bxf4 33. Qxf4 Bxc6 34. bxc6 Qd6 35. c7 Qa3 36. e4 Rc8 37. exd5 Qxa4 38. d6 Qd7 39. Bc6 Qe6 40. d7 1-0

[Event "Bridgend South Wales op"]
[Site "Bridgend"]
[Date "2018.01.06"]
[Round "2"]
[White "Sivarajasingam, Venetia"]
[Black "Taylor, Robert Graham"]
[Result "1-0"]
[WhiteElo "1731"]
[BlackElo "1927"]
[PlyCount "87"]
[EventDate "2018.01.05"]
[EventType "swiss"]
[EventRounds "5"]
[EventCountry "WLS"]
[SourceTitle "CBM 182 Extra"]
[Source "ChessBase"]
[SourceDate "2018.02.23"]
[SourceVersion "1"]
[SourceVersionDate "2018.02.23"]
[SourceQuality "1"]

1. e4 c5 2. Nf3 e6 3. c4 Nc6 4. Nc3 d6 5. d4 cxd4 6. Nxd4 Nf6 7. Be2 a6 8. Be3 Be7 9. 0-0 0-0 10. Qd2 Bd7 11. Rad1 Qc7 12. f3 Nxd4 13. Bxd4 Bc6 14. Rc1 Qd8 15. Rfd1 Nd7 16. Be3 Nc5 17. b3 Be8 18. e5 Nd7 19. exd6 Bf6 20. Ne4 b6 21. Kh1 Kh8 22. Nxf6 gxf6 23. Bf2 Rg8 24. Qe3 a5 25. Rd4 Rc8 26. Rh4 Nf8 27. Qxb6 Ng6 28. Qxd8 Rxd8 29. Rd4 e5 30. Rd2 Nf4 31. Bf1 Bc6 32. Bb6 Rd7 33. Be3 Ne6 34. c5 Rb8 35. Bc4 a4 36. Rb1 Kg7 37. b4 Rbd8 38. b5 Ba8 39. Rbd1 Rc8 40. c6 Bxc6 41. bxc6 Rxc6 42. Bb5 Rc3 43. Bxd7 Rxe3 44. Bxe6 1-0

[Event "BCF-ch U12"]
[Site "Llandudno"]
[Date "2017.08.04"]
[Round "6"]
[White "Sivarajasingam, Venetia"]
[Black "Cox, Toby"]
[Result "1-0"]
[WhiteElo "1710"]
[BlackElo "1435"]
[PlyCount "73"]
[EventDate "2017.07.30"]
[EventType "swiss"]
[EventRounds "7"]
[EventCountry "WLS"]
[SourceTitle "CBM 179 Extra"]
[Source "ChessBase"]
[SourceDate "2017.08.23"]
[SourceVersion "1"]
[SourceVersionDate "2017.08.23"]
[SourceQuality "1"]

1. e4 e6 2. d4 d5 3. e5 c5 4. c3 Nc6 5. Nf3 Bd7 6. Be2 Qb6 7. a3 f6 8. b4 c4 9. 0-0 Be7 10. Re1 0-0-0 11. a4 h6 12. Qc2 f5 13. h4 Rf8 14. Bf4 Be8 15. Na3 Bh5 16. a5 Qd8 17. Nb5 Bxf3 18. Bxf3 g5 19. Bh2 g4 20. Be2 Bxh4 21. Nd6+ Kb8 22. Qa4 Qc7 23. b5 Nd8 24. b6 Qc6 25. bxa7+ Kxa7 26. Qb4 Ne7 27. Bd1 Kb8 28. a6 Rh7 29. axb7 Nxb7 30. Ba4 Qc7 31. Reb1 Nc6 32. Bxc6 Qxc6 33. Nxb7 Be7 34. Nd6+ Kc7 35. Ra7+ Kd8 36. Qb8+ Qc8 37. Qxc8# 1-0